000
00314nam a2200133Ia 4500
082
_a
615
_b
P13K
100
_a
KAMALA, KANNAN P.
245
_a
TB. OF PHARMACOLOGY FOR NURSES & ALLIED HEALTH SCIENCES
250
_a
1ST
260
_b
CBS
_a
DELHI
_c
2013
300
_a
383
650
_a
PHARMACOLOGY
942
_2
ddc
_c
BK
_0
4
999
_c
2328
_d
2328